Представление документа в формате MARC21

ПолеНазваниеЗначение
  Тип записи a
  Библиографический уровень m
001 Контрольный номер RU\infra-m\znanium\bibl\2235345
005 Дата корректировки 20260429142210.7
008 Кодируемые данные 260120s2025 RU g rus u
020 Индекс ISBN __
a ISBN 978-5-9614-3460-6
040 Источник каталогиз. __
a Служба первич. каталог. Общество с ограниченной ответственностью «ЗНАНИУМ»
041 Код языка издания __
a Код языка текста rus
044 Код страны публикации __
a Код страны публикации RU
080 Индекс УДК __
a Индекс УДК 15
084 Индекс другой классификации/Индекс ББК __
2 Источник индекса rubbk
a Индекс другой классификации/Индекс ББК 883
084 Индекс другой классификации/Индекс ББК __
2 Источник индекса okso
a Индекс другой классификации/Индекс ББК 37.03.01
084 Индекс другой классификации/Индекс ББК __
2 Источник индекса okso
a Индекс другой классификации/Индекс ББК 37.04.01
100 Автор __
a Автор Кроль Л.М.
q Полное имя Кроль Леонид Маркович
u Дополнение Интитут групповой и семейной психологии и психотерапии
245 Заглавие __
a Заглавие Энергия — новая валюта: Как поддерживать баланс жизненных сил
b Продолж. заглавия Практическое пособие
c Ответственность Интитут групповой и семейной психологии и психотерапии
250 Сведения об издании __
a Основные сведения об издании 1
260 Выходные данные __
a Место издания Москва
b Издательство ООО "Альпина Паблишер"
c Дата издания 2026
300 Физическое описание __
a Объем 256 с.
520 Аннотация __
a Аннотация Жизненная энергия человека — валюта нашего времени. У кого ее больше тот успевает больше сделать заряжен позитивом и хорошим настроением притягивает к себе людей и интересные проекты. Все хотят иметь больше энергии быть в потоке который не иссякает. Леонид Кроль — профессор Высшей школы экономики с 25-летним опытом работы коучем и бизнес-тренером директор Института групповой и семейной психологии и психотерапии — рассказывает о проблемах с энергией а также показывает как управлять ею используя то что заложено природой в конкретном человеке. В каждой главе — кейсы из реальной практики фрагменты коучинговых бесед а в конце книги — приложение с 12 энергетическими профилями которые помогут вам узнать о себе много полезного и правильно начать работу по балансировке жизненных сил.
521 Примеч. о цел. назн. __
a Примеч. о целев. назн. Дополнительное профессиональное образование
650 Тематические рубрики __
a Основная рубрика Психология
x Основная подрубрика Популярная литература по психологии
655 Указ. предметных рубрик (устаревшее) __
a Жанр/ форма (устаревшее) Практическое пособие
856 Электронный адрес документа 4_
a Имя сервера/домена znanium.ru
m Помощь ebs_support@infra-m.ru
n Местонахождение сервера НИЦ ИНФРА-М
u URL https://znanium.ru/catalog/document?id=473614
856 Электронный адрес документа 48
a Имя сервера/домена znanium.ru
d Путь /cover/2235
f Электронное имя 2235345.jpg
q Тип электронного формата image/jpeg
u URL https://znanium.ru/cover/2235/2235345.jpg
911 __
u 0030=https://znanium.ru/catalog/document?id=473614